000 00407nam a2200145Ia 4500
001 13270
003 GE_BSU
008 181216s||||||||xx |||||||||||||| ||und||
040 _cGE_BSU
245 _aПлодоводство
245 _bУчебник
245 _cПод.ред.З.И.Якушева. Ред. З.И.Уткина.Худ.Р.Р.Вейлерт
653 _aПлодоводство
942 _cBK
999 _c46432
_d46432